Transforming global healthcare delivery : leveraging technology to increase accessibility and affordability /

Bibliographic Details
Main Author: Reddy, Sandeep (Author)
Corporate Author: ScienceDirect (Online service)
Format: eBook
Language:English
Published: Amsterdam : Academic Press, 2026.
Subjects:
Online Access:Connect to the full text of this electronic book

MARC

Tag First Indicator Second Indicator Subfields
LEADER 00000cam a22000008i 4500
001 in00005776821
005 20260327191604.3
006 m o d
007 cr |||||||||||
008 251204s2026 ne o 000 0 eng d
040 |a UKMGB  |b eng  |e rda  |e pn  |c UKMGB  |d OCLCO  |d OPELS  |d YDX 
015 |a GBC6000926  |2 bnb 
016 7 |a 300661879  |2 Uk 
019 |a 1573121322 
020 |a 9780443330216  |q ePub ebook 
020 |a 0443330212  |q ePub ebook 
020 |z 9780443330209 
020 |z 0443330204 
024 8 |a CIPO000326521 
024 8 |a CIPO000326520 
035 |a (OCoLC)1569673858  |z (OCoLC)1573121322 
050 4 |a R855.3 
082 0 4 |a 610.285  |2 23 
049 |a TXAM 
100 1 |a Reddy, Sandeep,  |e author. 
245 1 0 |a Transforming global healthcare delivery :  |b leveraging technology to increase accessibility and affordability /  |c Sandeep Reddy. 
264 1 |a Amsterdam :  |b Academic Press,  |c 2026. 
300 |a 1 online resource (200 pages) 
336 |a text  |b txt  |2 rdacontent 
337 |a computer  |b c  |2 rdamedia 
338 |a online resource  |b cr  |2 rdacarrier 
588 |a Description based on CIP data; resource not viewed. 
650 0 |a Medical care  |x Technological innovations. 
650 0 |a Medical technology  |x Economic aspects. 
650 0 |a Medical technology. 
650 2 |a Medical Laboratory Science 
650 6 |a Soins médicaux  |x Innovations. 
650 6 |a Technologie médicale  |x Aspect économique. 
650 6 |a Technologie médicale. 
650 7 |a Medical care  |x Technological innovations  |2 fast 
650 7 |a Medical technology  |x Economic aspects  |2 fast 
650 7 |a Medical technology  |2 fast 
655 7 |a Electronic books.  |2 local 
710 2 |a ScienceDirect (Online service) 
776 0 8 |i Print version :  |z 9780443330209 
776 0 8 |i ebook version :  |z 9780443330216 
776 0 8 |c Original  |z 0443330204  |z 9780443330209  |w (OCoLC)1525984405 
856 4 0 |u http://proxy.library.tamu.edu/login?url=https://www.sciencedirect.com/science/book/9780443330209  |z Connect to the full text of this electronic book  |t 0 
955 |a Elsevier ScienceDirect 2026-2027 
994 |a 92  |b TXA 
999 f f |i f688a2c0-0ad8-4cb4-9975-fed0882de335  |s e8aebd2e-0fbe-428c-9044-9363878bdd7c  |t 0 
952 f f |a Texas A&M University  |b College Station  |c Electronic Resources  |s www_evans  |d Available Online  |t 0  |e R855.3   |h Library of Congress classification 
998 f f |a R855.3   |t 0  |l Available Online